[Event "UKR-ch Semifinal 2018"]
[Site "Omelnyk"]
[Date "2018.10.27"]
[Round "2.1"]
[White "Belous, Mikhail"]
[Black "Kovchan, Alexander"]
[Result "0-1"]
[WhiteElo "2325"]
[BlackElo "2579"]
[Annotator "TA"]
[PlyCount "110"]
[EventDate "2018.11.26"]
[EventType "tourn"]
[EventCountry "UKR"]

{[%evp 14,110,-25,-12,23,10,168,171,308,93,108,80,64,54,69,57,57,75,40,32,44,46,50,0,0,0,0,0,0,0,17,0,0,0,0,0,0,0,0,-14,0,-25,0,0,0,0,0,0,0,0,0,0,0,-7,-7,-7,-7,-61,-54,-54,-54,-76,-70,-122,-175,-246,0,-77,-20,-543,-539,-532,-515,-518,-493,-568,-568,-1717,-1348,-12836,-12836,-12836,-12836,-12839,-12839,-12840,-12839,-12840,-12841,-12840,-12840,-12842,-12843,-12845,-12845,-12845,-12844,-12845,-12845]} 1. d4 Nf6 2. c4 e6 3. Nf3 a6 4. g3 b5 5. Nbd2 {[%cal Bb1d2,Bd2c4,Bc4e3][%mdl 32]} (5. b3 Bb7 6. Bg2 c5 7. d5 exd5 8. Nh4 Ne4 9. cxd5 Qf6 10. Bxe4 Qxa1 11. Qc2 d6 12. O-O {1-0 (56) Salem,A (2638)-Khismatullin,D (2632) Riadh 2017}) 5... Bb7 6. Bg2 {E10: Blumenfeld Gambit} c5 7. dxc5 Bxc5 8. O-O {LiveBook: 5 Games. Black has an edge.} Qb6 9. cxb5 Ng4 $146 (9... axb5 $11 10. Nb3 d6) ({Predecessor:} 9... axb5 10. Nb3 d6 11. Bf4 Nbd7 12. a3 {0-1 (52) O'Cinneide,M (2280)-Daly,C (2365) Drogheda 1999}) 10. Nc4 $1 $18 {[%cal Rc4b6]} Qc7 {[#]} (10... Qxb5 $142 11. Nd6+ Bxd6) 11. bxa6 $2 (11. b6 $1 $18 {[%mdl 512] has better winning chances.} Qc6 (11... Bxb6 12. Nd6+) 12. Na5) 11... Nxa6 {Threatening ...Nxf2.} 12. Ne3 (12. b4 {seems wilder.} Nxb4 13. Bf4 Nxf2 14. Nd6+ Bxd6 15. Qxd6 Qxd6 16. Bxd6 Nc2 17. Kxf2 Nxa1 18. Rxa1 Ra6 19. Bb4) 12... h5 13. Bd2 Qb6 {[%cal Rc5e3]} 14. Qb3 Qxb3 15. axb3 Nxe3 16. Bxe3 Bxe3 17. fxe3 f6 18. Nd4 Bxg2 19. Kxg2 Ke7 20. Rfc1 Nb4 21. Ra4 Nd5 22. e4 Ne3+ $1 23. Kf3 Ng4 24. h3 Ne5+ 25. Ke3 Rab8 26. Ra7 Rb4 27. Rac7 Ra8 28. Rc8 Ra6 29. R1c3 Ra2 30. Rc2 Rb7 31. Rh8 Ra5 32. Rcc8 Kf7 33. Rc3 Kg6 34. Nf3 Nxf3 35. exf3 $11 {[%mdl 4096] Endgame KRR-KRR} (35. Kxf3 $11 Rab5 36. Rd8) 35... Ra2 $15 36. Rd8 Rxb2 37. Rd3 R7xb3 38. R8xd7 (38. Rxb3 $15 Rxb3+ 39. Kf2) 38... Rxd3+ $1 $17 39. Rxd3 {[#] KR-KR} (39. Kxd3 $142 Rg2 40. g4) 39... Rh2 $2 ({Better is} 39... Rg2 $1 $19 40. g4 h4) 40. h4 {[#]} (40. Rd6 $1 $11 {keeps the balance.}) 40... Rg2 $1 {[%cal Rg2g3]} 41. Rd1 $2 {[%mdl 8192]} (41. Rd6 $11 {and White has nothing to worry.}) 41... Rxg3 $19 {Black is clearly winning.} 42. Rh1 {Threatens to win with Kf2.} Rg2 43. f4 Rg4 44. Kf3 e5 45. fxe5 fxe5 46. Rh2 Kh6 47. Ra2 Rxh4 48. Ra5 Rf4+ 49. Ke3 h4 {[%cal Bh5h4,Bh4h3][%mdl 32]} 50. Rxe5 h3 51. Ra5 Rf1 52. Ra2 g5 {[%cal Bg7g5,Bg5g4][%mdl 32]} 53. e5 g4 54. Ra8 Kg7 55. Ra7+ Kg6 {Precision: White = 34%, Black = 71%.} 0-1

[Event "UKR-ch Semifinal 2018"]
[Site "Omelnyk"]
[Date "2018.10.27"]
[Round "2.2"]
[White "Bernadskiy, Vitaliy"]
[Black "Solovchuk, Oleksiy"]
[Result "1-0"]
[WhiteElo "2547"]
[BlackElo "2321"]
[Annotator "TA"]
[PlyCount "69"]
[EventDate "2018.11.26"]
[EventType "tourn"]
[EventCountry "UKR"]

{[%evp 18,69,49,32,74,83,85,61,112,104,116,106,116,116,116,120,120,101,136,130,144,137,146,132,156,147,195,181,199,168,214,134,129,123,129,125,202,167,200,174,197,133,172,162,578,599,875,866,1446,1307,29989,2489,1602,1179]} 1. e4 c5 2. Nf3 d6 3. Nc3 e5 4. Bc4 Be6 5. d3 Be7 6. O-O Nc6 7. Nd5 {B30: Sicilian: 2...Nc6 3 Bb5, lines without ...g6} Nf6 8. Ng5 (8. c3 O-O 9. Nxf6+ Bxf6 10. Bxe6 fxe6 11. Be3 b5 12. b4 cxb4 13. cxb4 Qd7 14. Qb3 a5 15. bxa5 Nxa5 16. Qb2 Rfb8 {½-½ (24) Kryvoruchko,Y (2598)-Krasenkow,M (2660) Ustron 2007}) 8... Bxd5 9. exd5 Nb8 10. f4 {LiveBook: 5 Games. Threatens to win with fxe5.} O-O 11. fxe5 dxe5 12. Qf3 $146 ({Predecessor:} 12. c3 Nbd7 13. Qb3 Qb6 14. Ne4 Qxb3 15. axb3 {½-½ (40) Scuderi,A (2460)-Gerundino,N (2385) ICCF corr 1996}) 12... Qd6 (12... Nbd7 $14) 13. a4 Nbd7 14. a5 Rab8 15. Ne4 Nxe4 16. dxe4 ({But not} 16. Qxe4 $6 Nf6 $14) 16... Nf6 17. Bd2 h6 18. Rae1 Nh7 19. Qg3 Kh8 20. Rf5 Bf6 21. Ref1 g6 22. R5f3 ({Weaker is} 22. Bxh6 gxf5 23. Bxf8 Qxf8 $15) 22... Kg7 23. Qf2 b5 24. axb6 axb6 25. Bb5 Rb7 26. h4 Bd8 (26... h5 $16 27. Be3 Rc7) 27. g4 Qe7 28. Rh3 Nf6 29. Qg2 (29. h5 $18 {Hoping for Bxh6+!} g5 30. Qf5) 29... Qd6 30. h5 {Black must now prevent Bc6.} Nh7 $2 {[#]} (30... g5 {is tougher.} 31. Bc3 Bc7) 31. Bxh6+ $1 $18 {[%mdl 512]} Kxh6 32. hxg6+ Kxg6 33. Qh1 Nf6 {[#]} 34. Rh6+ (34. g5 $142 $1 {[%mdl 512]} Kg7 (34... Kxg5 35. Rh6) 35. gxf6+ Bxf6 36. Rg3+ Bg5 37. Rxg5+ Qg6 38. Rxg6+ fxg6 39. Rxf8) 34... Kg7 35. g5 {Precision: White = 51%, Black = 30%.} 1-0

[Event "UKR-ch Semifinal 2018"]
[Site "Omelnyk"]
[Date "2018.10.27"]
[Round "2.3"]
[White "Alexikov, Alexander"]
[Black "Sivuk, Vitaly"]
[Result "0-1"]
[WhiteElo "2280"]
[BlackElo "2545"]
[Annotator "TA"]
[PlyCount "94"]
[EventDate "2018.11.26"]
[EventType "tourn"]
[EventCountry "UKR"]

{[%evp 10,94,15,1,3,-14,-13,-21,-19,-46,-45,-58,-42,-52,-42,-51,-45,-50,-25,-46,-37,-85,-62,-85,-93,-99,-99,-89,-81,-118,-122,-125,-97,-131,-122,-160,-152,-150,-125,-221,-229,-285,-281,-275,-252,-380,-370,-375,-395,-412,-395,-500,-564,-611,-607,-594,-624,-561,-288,-469,-427,-390,-367,-613,-623,-749,-675,-624,-669,-662,-627,-1041,-840,-829,-845,-816,-793,-1293,-1223,-1565,-1548,-1497,-1453,-1327,-1430,-1628,-1626]} 1. g3 d5 2. Bg2 c6 3. Nf3 Bg4 4. d3 Nd7 5. h3 Bh5 6. Nc3 {LiveBook: 3 Games. A07: Réti Opening: New York and Capablanca Systems} (6. O-O e6 7. b3 Bd6 8. Bb2 e5 9. e4 d4 10. c3 dxc3 11. Bxc3 Bxf3 12. Bxf3 Ngf6 13. Nd2 b5 14. b4 {½-½ (31) Timofeev,A (2555)-Esipenko,A (2509) Sochi 2017}) 6... e6 7. a3 $146 ({Predecessor:} 7. e4 Bd6 8. O-O Ne7 9. Bg5 f6 10. Bd2 O-O 11. Qe1 Bf7 12. Ne2 e5 13. Nh4 Re8 {½-½ (22) Lenart,E (2221)-Siklosi,Z (2388) Hungary 2004}) 7... Bd6 8. e3 {The position is equal.} Ne7 9. b3 f6 10. Bb2 e5 11. e4 d4 12. Ne2 a5 {[%cal Ba7a5,Ba5a4][%mdl 32]} 13. O-O Bf7 14. Bc1 O-O $36 {[%mdl 2048] Black is pushing.} 15. Nd2 b5 16. f4 a4 17. b4 c5 18. bxc5 Bxc5 19. h4 Nc6 20. Bh3 Qe7 21. Nf3 b4 22. Kh2 b3 23. Bb2 Kh8 24. c3 (24. Rc1 $17 {was called for.}) 24... dxc3 $19 25. Bxc3 Rad8 26. Qc1 Ba7 27. Bxd7 (27. Qb2 $142 Bb8 28. Bf5) 27... Rxd7 ({Weaker is} 27... Qxd7 28. fxe5 fxe5 29. Nxe5 $19) 28. fxe5 fxe5 29. Qb2 {[%cal Rf3e5]} Bb8 30. d4 exd4 31. Nexd4 Nxd4 32. Bxd4 Bc4 33. Rf2 Kg8 34. e5 $2 {[#]} (34. Rc1 {keeps fighting.} Qxe4 35. Rxc4) 34... h6 35. Re1 Be6 36. Bc3 $2 (36. Ref1) 36... Ba7 {Black is clearly winning.} 37. Bb4 Bxf2 38. Qxf2 Qf7 39. Bxf8 Qxf8 (39... Kxf8 $2 40. Re4 $19) 40. Qb6 Bd5 41. Ng1 Rb7 42. Qd4 Be6 43. Ne2 b2 44. Nf4 b1=Q 45. Rxb1 Rxb1 46. Nxe6 Qa8 {[%csl Ga8][%cal Rb1h1] [#]} 47. Kh3 h5 {Precision: White = 30%, Black = 79%.} 0-1

[Event "UKR-ch Semifinal 2018"]
[Site "Omelnyk"]
[Date "2018.10.27"]
[Round "2.4"]
[White "Bogdanovich, Stanislav"]
[Black "Kutsanyan, Andranik"]
[Result "1-0"]
[WhiteElo "2523"]
[BlackElo "2252"]
[Annotator "TA"]
[PlyCount "129"]
[EventDate "2018.11.26"]
[EventType "tourn"]
[EventCountry "UKR"]

{[%evp 12,129,62,35,91,66,61,63,106,96,89,89,98,47,99,70,70,67,60,73,66,61,62,69,80,0,77,8,10,-112,-122,-108,-120,-120,0,0,0,3,0,0,27,24,87,87,87,87,87,87,87,69,71,66,87,30,87,77,87,0,87,0,87,70,89,87,101,70,107,0,102,0,107,107,107,107,107,63,63,0,69,70,70,0,63,0,82,64,68,68,86,27,97,0,93,61,100,100,29985,0,29986,29987,29987,29988,29988,29989,29990,29991,29991,29992,29992,29993,29993,29994,29994,29995,29995,29996,29996,29997,29997,29998]} 1. d4 Nf6 2. c4 c5 3. d5 e6 4. Nc3 exd5 5. cxd5 d6 6. Nf3 g6 7. Nd2 b6 {A61: Modern Benoni: Nf3 without early e4} (7... Bg7 $14) (7... Bg7 8. e4 O-O 9. Be2 Re8 10. O-O Na6 11. Kh1 Nc7 12. f3 Nd7 13. a4 b6 14. Nc4 Ne5 15. Bf4 Nxc4 16. Bxc4 a6 17. Qe1 h5 18. h4 Rb8 19. Qg3 Bf8 20. Rfe1 b5 21. e5 dxe5 22. Rxe5 {1-0 (46) Eljanov,P (2739)-Salem,A (2638) Geneva 2017 CBM 180 [Yuffa,D]}) 8. Nc4 Ba6 9. e4 Bxc4 {White is slightly better.} 10. Bxc4 Bg7 $146 ({Predecessor:} 10... Be7 11. O-O O-O {½-½ (11) Kasueschke,G-Tessmer,H Bad Wildbad 1993}) 11. Bg5 O-O 12. f4 (12. O-O $16) 12... Qc8 (12... a6 $14) 13. O-O Ng4 14. f5 Bd4+ 15. Kh1 Nf2+ 16. Rxf2 $1 Bxf2 17. Nb5 {And now Qe2 would win.} Bd4 18. Be7 (18. Nxd6 $6 Qd7 $11) (18. Nxd4 $16 cxd4 19. Rc1 (19. Qxd4 Nd7 $14)) 18... Re8 (18... Bxb2 $11 {remains equal.} 19. Nxd6 Qd7 20. Bxf8 Kxf8) 19. f6 (19. Nxd6 $6 Qd7 $11) ({White should try} 19. Bxd6 $16 Rxe4 20. Qc2 gxf5 21. Bd3) 19... Be5 $11 20. Qd2 {[#]} (20. Nxd6 $11 {was the only way to keep the balance.} Bxd6 21. Bxd6 Rxe4 22. Qc2) 20... Rxe7 $1 $17 {[%mdl 512]} 21. fxe7 Nd7 22. Rf1 {With the idea Qf2.} a6 (22... Qb7 $1 $17 {aiming for ...a6.} 23. Qg5 Re8) 23. Qf2 $11 f6 ({But not} 23... axb5 $2 24. Qxf7+ Kh8 25. Bxb5 $18) 24. e8=R+ $1 Qxe8 25. Nc7 $1 {[%csl LRa6,LRa8,LRe8]} Qc8 26. Nxa8 Qxa8 {[#]} (26... b5 $1 $11 {keeps the balance.}) 27. a4 $1 $16 Kg7 28. Qe2 a5 29. Bb5 Qd8 30. Qg4 Nf8 31. b3 Bd4 32. Re1 ({White should play} 32. g3 $16) 32... Bf2 (32... h5 $11 33. Qh3 Nh7) 33. Re2 Bd4 34. Re1 Bf2 35. Re2 Bd4 36. g3 Be5 37. Kg2 Bd4 38. Kf1 Be5 39. Kg2 Bd4 $1 40. Kf1 Be5 $1 41. h4 Qe7 42. h5 Bd4 43. hxg6 hxg6 44. Qc8 ({Better is} 44. Rh2 $14) 44... Nh7 (44... Qe5 $1 $11 45. Qg4 Nh7) 45. Rh2 $14 {Threatens to win with Qe6.} Nf8 46. Re2 Nh7 47. Rh2 {Qe6 is the strong threat.} Nf8 48. Qg4 Qe5 49. Qf4 Bc3 50. Ke2 (50. Qxe5 $16 {Intending Qe7+ and mate.} Bxe5 51. Kg2) 50... Ba1 (50... Qd4 $11) 51. Kf1 Bc3 52. Be2 Qd4 53. Qxd6 $40 {[%mdl 128] White threatens Qe7+ and mate. Black is in trouble.} Qd2 $2 {[%mdl 8192] [#]} (53... Qxe4 $16 54. Rh4 (54. Qxb6 Qf5+ 55. Kg2 Qxd5+ 56. Kg1 Bd4+ 57. Kf1 Qf5+ 58. Kg2 Qe4+ 59. Bf3 Qc2+ 60. Kh3 Qf5+ 61. Bg4 Qf1+ 62. Rg2 Qh1+ 63. Rh2 Qf1+ 64. Rg2 Qh1+ 65. Rh2 Qf1+ $11) 54... Qe5 55. Qxe5 (55. Qxb6 Qxg3 56. Re4 Qh3+ 57. Kg1 Bd4+ 58. Rxd4 Qe3+ 59. Kf1 cxd4 $17) 55... Bxe5) 54. Qe7+ $1 Kg8 55. Bc4 {White mates.} Qd1+ 56. Kg2 Qd2+ 57. Kh3 Qh6+ 58. Kg4 f5+ 59. Kf3 fxe4+ 60. Kxe4 Qxh2 61. d6+ Ne6 62. Bxe6+ Kh8 63. Qf8+ Kh7 64. Bg8+ Kh8 65. Bf7+ {Precision: White = 52%, Black = 51%.} 1-0

[Event "UKR-ch Semifinal 2018"]
[Site "Omelnyk"]
[Date "2018.10.27"]
[Round "2.5"]
[White "Lisnyak, Vladislav"]
[Black "Gasanov, Eldar"]
[Result "1/2-1/2"]
[WhiteElo "2263"]
[BlackElo "2502"]
[Annotator "TA"]
[PlyCount "57"]
[EventDate "2018.11.26"]
[EventType "tourn"]
[EventCountry "UKR"]

{[%evp 17,57,5,0,-83,-82,-79,-28,-34,-33,-63,-69,-65,-43,-46,-48,-40,-30,-47,-54,-58,-27,-47,-46,-54,-15,-20,0,0,0,0,0,0,0,0,0,0,0,0,0,0,0,0]} 1. e4 e5 2. Nf3 Nc6 3. Bb5 a6 4. Ba4 g6 5. c3 d6 6. d4 Bd7 7. O-O Bg7 8. Be3 Nf6 9. dxe5 {C76: Ruy Lopez: Deferred Steinitz: 5 c3 Bd7 6 d4 g6} dxe5 {LiveBook: 50 Games} 10. Bc5 $146 (10. Qc2 $11 {remains equal.}) ({Predecessor:} 10. Nbd2 O-O 11. Re1 Qe7 12. h3 h6 13. b4 b6 14. Bb3 Kh7 15. a4 a5 16. b5 Nd8 17. Nc4 Be6 18. Ncxe5 Nxe4 {1-0 (29) Lu,S (2630)-Yu,Y (2759) Tianjin 2018}) 10... Nxe4 $17 11. Ba3 {Black is better.} Nd6 ({Black should play} 11... f5 $17 12. Nbd2 Ng5) 12. Re1 O-O 13. Bxd6 cxd6 14. Qxd6 Bg4 (14... Be6 {seems wilder.} 15. Qc5 Rc8 16. Qe3 Qc7 17. Na3 f6) 15. Qxd8 Rfxd8 16. Nbd2 Rac8 17. Ne4 Na5 18. Rad1 Nc4 19. Bb3 Rxd1 ({Don't play} 19... Nxb2 $6 20. Rxd8+ Rxd8 21. Nfg5 $14) 20. Rxd1 Nxb2 21. Rd2 {The position is equal.} Nc4 22. Bxc4 $1 Rxc4 23. Rd8+ Bf8 24. Nf6+ Kg7 25. Ne8+ Kg8 $1 26. Nf6+ Kg7 27. Ne8+ Kg8 $1 28. Nf6+ Kg7 29. Ne8+ {Precision: White = 54%, Black = 55%.} 1/2-1/2

[Event "UKR-ch Semifinal 2018"]
[Site "Omelnyk"]
[Date "2018.10.27"]
[Round "2.6"]
[White "Neverov, Valeriy"]
[Black "Larkin, Vladyslav"]
[Result "1-0"]
[WhiteElo "2488"]
[BlackElo "2234"]
[Annotator "TA"]
[PlyCount "77"]
[EventDate "2018.11.26"]
[EventType "tourn"]
[EventCountry "UKR"]

{[%evp 14,77,21,27,45,47,56,46,76,66,52,51,46,35,43,38,62,45,68,64,89,68,98,92,107,94,84,97,135,124,93,83,132,111,138,87,92,53,58,39,46,21,17,5,7,0,18,14,11,8,36,31,18,22,103,22,31,37,33,35,54,33,55,74,189,110]} 1. c4 c6 2. Nf3 d5 3. e3 Nf6 4. Nc3 e6 5. b3 Bd6 6. Bb2 {A11: Reti-Eröffnung} a6 (6... O-O 7. d4 Nbd7 8. Be2 b6 9. O-O Bb7 10. h3 Qe7 11. Rc1 Rfe8 12. Qc2 Rac8 13. Rfd1 h6 14. Qb1 Bb4 15. Qa1 Bd6 16. Bd3 {1-0 (47) Andreikin,D (2712)-Jakovenko,D (2747) Satka 2018}) 7. d4 Nbd7 8. Bd3 {LiveBook: 6 Partien. Die Stellung ist ausgeglichen.} dxc4 $146 ({Vorgänger:} 8... b5 9. O-O O-O 10. Qe2 Re8 11. e4 e5 12. cxd5 cxd5 13. Qc2 Bb7 14. Nxd5 Bxd5 {½-½ (14) Bocharov,D (2595)-Grishchenko,S (2475) Olginka 2011}) 9. bxc4 e5 10. O-O O-O 11. Qc2 Re8 12. h3 exd4 13. exd4 Nf8 14. Rfe1 Rxe1+ 15. Rxe1 Ng6 16. Ng5 Bf4 17. Nge4 Nxe4 18. Nxe4 Bf5 {[#]} 19. Nf6+ $1 {[%mdl 512]} Qxf6 20. Bxf5 Qg5 21. Qe4 Bd6 {[%cal Bf4d6,Bd6e7,Be7f6][%mdl 32]} 22. g3 Qd2 23. Re2 Qb4 24. Qc2 ({Besser ist} 24. c5 Bf8 25. Qc2) 24... Be7 $16 25. h4 Bf6 $1 26. h5 Nf8 27. h6 gxh6 28. a3 Qd6 29. Re4 Ng6 30. Qe2 Rd8 31. Kg2 b5 32. c5 {[%mdl 1024] Weiss hat Kompensation.} Qd5 33. Bg4 Qc4 {[#]} (33... Kg7 $11) 34. Qf3 (34. d5 $1 $16 {[%mdl 512]} Qxe2 (34... Qxd5 35. Bxf6) 35. Rxe2 Bxb2 36. dxc6) 34... Bg7 ({Aber nicht} 34... Bxd4 $2 35. Qd1 $18) 35. Qe3 $36 {[%mdl 2048] Weiss hat Druck.} Qd5 {Droht ...f5.} 36. Bf3 {Schwarz muss nun Te8+ beachten.} Qd7 37. Qe1 Kf8 38. Qa5 f5 {[#]} (38... Ra8 $16) 39. Re2 {Precision: Weiß = 55%, Schwarz = 42%.} (39. Re6 $1 $18 {[%cal Re6d6][%mdl 512]} Qxe6 40. Qxd8+ Qe8 41. Qxe8+ Kxe8 42. Bxc6+ Kd8 43. Kf3) 1-0

[Event "UKR-ch Semifinal 2018"]
[Site "Omelnyk"]
[Date "2018.10.27"]
[Round "2.7"]
[White "Gayun, Dmytro"]
[Black "Pavlov, Sergey"]
[Result "1/2-1/2"]
[WhiteElo "2234"]
[BlackElo "2480"]
[Annotator "TA"]
[PlyCount "67"]
[EventDate "2018.11.26"]
[EventType "tourn"]
[EventCountry "UKR"]

{[%evp 19,67,16,20,0,0,0,0,0,0,0,0,0,16,12,14,12,42,36,39,45,63,70,72,35,34,0,29,33,43,0,0,0,0,0,0,0,0,0,0,0,0,0,0,0,0,0,0,0,0,0]} 1. d4 e6 2. c4 b6 3. Nf3 Bb7 4. g3 Bb4+ 5. Bd2 Bxf3 6. exf3 Bxd2+ 7. Qxd2 d5 8. Nc3 Ne7 9. cxd5 Nxd5 10. Bg2 {A40: Verschiedene (seltene) Antworten auf 1.d4} (10. Nxd5 Qxd5 11. Qc3 Nc6 12. Bc4 Qa5 13. Qxa5 Nxa5 14. Ba6 Kd7 15. Rc1 Kd6 16. Bb5 a6 17. Bd3 Nc6 18. Rxc6+ Kxc6 {0-1 (51) Gagare,S (2494)-Tabatabaei,M (2577) Moscow 2018}) 10... Nc6 {LiveBook: 5 Partien} 11. O-O Nce7 12. Nxd5 Nxd5 13. f4 O-O 14. Rac1 Rc8 15. Rc4 Re8 $146 ({Vorgänger:} 15... Qd7 16. Rfc1 c6 17. Bxd5 Qxd5 {½-½ (26) Biedermann,K (1981)-Jaksa,C (2026) ICCF email 2011}) 16. Rfc1 Re7 17. b4 {[%cal Bb2b4,Bb4b5][%mdl 32]} Qd7 18. Rc6 g6 19. b5 Ra8 20. Qe2 Qd8 21. a3 Rd7 22. Bxd5 Rxd5 23. Rxc7 Rxd4 24. Rb7 Qd5 {Die Stellung ist ausgeglichen.} 25. Qe5 Qxb7 26. Qxd4 Rc8 27. Rxc8+ Qxc8 $11 {[%mdl 4096] Endspiel KD-KD} 28. a4 Qc1+ 29. Kg2 Qa3 30. g4 Qb3 31. h4 Qd5+ 32. Qxd5 exd5 33. Kf3 f5 34. g5 {Precision: Weiß = 64%, Schwarz = 80%.} 1/2-1/2

[Event "UKR-ch Semifinal 2018"]
[Site "Omelnyk"]
[Date "2018.10.27"]
[Round "2.8"]
[White "Bortnyk, Mykola"]
[Black "Marchenko, Artem"]
[Result "0-1"]
[WhiteElo "2462"]
[BlackElo "2221"]
[Annotator "TA"]
[PlyCount "164"]
[EventDate "2018.11.26"]
[EventType "tourn"]
[EventCountry "UKR"]

{[%evp 22,164,16,26,56,57,66,20,33,27,48,43,40,45,28,13,19,0,0,0,0,0,0,0,0,0,0,-179,-176,-202,-200,-225,-224,-327,-364,-348,-336,-404,-400,-458,-451,-410,-402,-395,-363,-404,-397,-463,-457,-449,-426,-576,-571,-566,-566,-566,-566,-553,-550,-614,-601,-629,-625,-629,-622,-622,-622,-622,-615,-615,-600,-713,-586,-750,-586,-579,-572,-604,-559,-617,-445,-539,-450,-537,-445,-485,-428,-432,-432,-652,-532,-29955,-4413,-4110,-2059,-680,-4076,-2928,-2299,-1410,-1275,-29953,-29948,-7533,-5929,-29970,-29965,-29966,-29968,-29965,-29969,-29969,-29970,-29973,-29970,-29972,-29973,-29970,-12837,-29982,-29983,-29987,-29986,-29986,0,-29987,0,-29981,-29982,-29986,-29986,-29986,-29986,-29987,-29987,-29988,-29989,-29989,-29990,-29992,-29993,-29993,-29990,-29992,-29992]} 1. e4 c5 2. c3 d5 3. exd5 Qxd5 4. d4 Nf6 5. Be3 cxd4 6. cxd4 e6 7. Nf3 Be7 8. Nc3 Qd6 9. Bd3 a6 10. O-O O-O 11. Qc2 Nc6 12. a3 {LiveBook: 14 Games} Rd8 {B22: Sicilian: 2 c3} 13. Rad1 h6 {[#]} 14. Ne4 $146 ({Predecessor:} 14. Qc1 Nd5 15. Bb1 f5 16. Nxd5 exd5 17. Bf4 Qf6 18. Rfe1 Be6 19. Qe3 Bf7 20. Ne5 Bd6 21. Qf3 Nxd4 22. Rxd4 Re8 23. Rxd5 Bxd5 24. Qxd5+ Kh7 25. g4 Bxe5 {1-0 (25) Kryvoruchko,Y (2666)-Gutmans,M (2137) Warsaw 2011}) 14... Nxe4 {The position is equal.} 15. Bxe4 Bd7 16. d5 exd5 17. Bxd5 Qf6 18. Qb3 Be6 19. Qxb7 Rab8 20. Qxc6 Bxd5 21. Qxf6 Bxf6 22. b4 Bc4 $36 {[%mdl 2048] Black has good play.} 23. Rfe1 Bc3 24. Nd2 $2 {[#]} (24. Rxd8+ $11 {and White has nothing to worry.} Rxd8 25. Bb6) 24... Bb5 $1 $19 25. Bf4 Ra8 26. f3 Rd3 27. Nb1 (27. Ne4 {is a better defense.} Bxe1 28. Rxe1) 27... Bxe1 28. Rxe1 Rc8 29. h4 Rc2 30. Be5 h5 31. Kh1 Ba4 32. Bf4 Bb3 33. Kg1 f6 34. Kf1 Kf7 35. Kg1 Ba2 36. a4 Rb2 37. Nd2 Rdxd2 38. Bxd2 Rxd2 {[%mdl 4096] Endgame KRB-KR} 39. Rc1 Rd4 40. b5 Rxa4 41. bxa6 Rxa6 42. Rc5 Kg6 43. Kh2 Bf7 44. Kg3 Ra2 45. Kh3 Rd2 46. Kg3 Be6 47. Rc6 Bb3 48. Rc3 Bd1 49. Rc1 Be2 50. Rb1 Kf5 51. Ra1 Bd3 52. Rc1 Ke5 53. Ra1 Kd4 54. Re1 g5 55. hxg5 (55. Rg1 $142) 55... fxg5 56. f4 gxf4+ (56... Be4 $142 57. fxg5 Rxg2+ 58. Kh4 Bg6 59. Re7 Rg4+ 60. Kh3 Rxg5 61. Kh2 Rg4 62. Re6 Bf5 63. Rb6 h4 64. Rb8 Ke3 65. Rb5 Be6 66. Rb6 Re4 67. Rb8 Kf3 68. Rf8+ Kg4 69. Ra8 h3 70. Rd8 Re2+ 71. Kg1 Bf5 72. Rh8 Kg3 73. Kf1 Ra2 74. Rg8+ Kf4 75. Rh8 h2 76. Rxh2 Rxh2 77. Kg1 Ra2 78. Kf1 Kg3 79. Ke1 Bg4 80. Kf1 Ra1#) 57. Kf3 Ra2 58. Re8 Bf1 59. Kxf4 Rxg2 60. Rd8+ Kc5 61. Kf3 Rg5 62. Kf4 Rg4+ 63. Ke3 Bc4 64. Rd7 Bd5 65. Rh7 h4 66. Rh6 Bg2 67. Kf2 Kd5 68. Kg1 Ke5 69. Rh8 Kf4 (69... Bd5+ $142 70. Kh2 Kf6 71. Rh5 Rd4 72. Kg1 Kg6 73. Rh8 Kg5 74. Kf2 Kg4 75. Rh7 Rf4+ 76. Ke3 Rf5 77. Rg7+ Rg5 78. Rc7 h3 79. Rc2 Kg3 80. Rc7 h2 81. Rh7 Re5+ 82. Kd2 h1=Q 83. Rxh1 Bxh1 84. Kc2 Re3 85. Kb2 Bd5 86. Kb1 Re2 87. Ka1 Kf2 88. Kb1 Ke3 89. Kc1 Be4 90. Kd1 Rc2 91. Ke1 Rc1#) 70. Kh2 Be4 71. Kh3 Rg3+ 72. Kh2 Rg4 73. Kh3 Bg2+ 74. Kh2 Bd5 {Black mates.} 75. Kh3 Kg5 76. Rh7 Rg3+ 77. Kh2 Rd3 78. Rg7+ Kf4 79. Rg6 Be4 80. Rg8 Rd2+ 81. Kg1 Bf5 82. Re8 Bg4 {Precision: White = 22%, Black = 81%.} 0-1